000 00303nam a2200121Ia 4500
008 240731s9999 xx 000 0 und d
022 _a2641-340X
245 4 _aThe Fibonacci Quarterly
260 _bTaylor & Francis
856 _uhttps://www.tandfonline.com/loi/ufbq20
942 _2ddc
942 _cTFEJ
999 _c79912
_d79912
945 _a1
_bMadushi Gamage
_c1
_dMadushi Gamage